书目信息 |
| 题名: |
程控数字交换及其新技术
|
|
| 作者: | 尤克 编著 | |
| 分册: | ||
| 出版信息: | 北京 科学出版社 1998.10 |
|
| 页数: | 294页 | |
| 开本: | 20cm | |
| 丛书名: | ||
| 单 册: | ||
| 中图分类: | TN916.42 | |
| 科图分类: | ||
| 主题词: | 电话 | |
| 电子资源: | ||
| ISBN: | 7-03-006868-8 | |
| 000 | 00554nam0 2200193 45 | |
| 001 | 0010090944 | |
| 005 | 20040514112123.5 | |
| 010 | @a7-03-006868-8@dCNY16.00 | |
| 100 | @a20001009d1998 km y0chiy0120 ea | |
| 101 | 0 | @achi |
| 105 | @a z 000yy | |
| 200 | 1 | @a程控数字交换及其新技术@ACheng Kong Shu Zi Jiao Huan Ji Qi Xin Ji Shu@f尤克编著@FYou Ke Bian Zhu |
| 210 | @a北京@c科学出版社@d1998.10 | |
| 215 | @a294页@d20cm | |
| 606 | 0 | @a电话 |
| 690 | @aTN916.42@v3 | |
| 701 | 0 | @a尤克@4编著 |
| 801 | @aCN@bTSTC@c20001009 | |
| 905 | @f1@b291493@dTN916.42@e22 | |
| 程控数字交换及其新技术/尤克编著.-北京:科学出版社,1998.10 |
| 294页;20cm |
| ISBN 7-03-006868-8:CNY16.00 |
| ● |
| 相关链接 |
|
|
|
|
正题名:程控数字交换及其新技术
索取号:TN916.42/22
 
预约/预借
| 序号 | 登录号 | 条形码 | 馆藏地/架位号 | 状态 | 备注 |
| 1 | 0291492 | 002914920 | 第三借阅区/ [索取号:TN916.42/22] | 在馆 | |
| 2 | 0291493 | 002914939 | 第三借阅区/ [索取号:TN916.42/22] | 在馆 | |
| 3 | 0291494 | 002914948 | 第三借阅区/ [索取号:TN916.42/22] | 在馆 | |
| 4 | 0291495 | 002914957 | 第三借阅区/ [索取号:TN916.42/22] | 在馆 | |
| 5 | 0291496 | 002914966 | 第二样本阅览室/ [索取号:TN916.42/22] | 在馆 |